000 00826nam a2200205 a 4500
008 120416s1988 ||||||||||||||||| || u
020 _a0582446775
050 _aS 591 Rus
100 _aRussell, Edward John, Sir 1872-1965
245 1 0 _aRussell's soil conditions and plant growth
_cedited by Alan Wild
250 _a11th ed.
260 _aNew York
_bLongman Scientific & Technical
_c1988
300 _aix, 991p. : ill
350 _a0.00
650 0 _aSOIL SCIENCE
650 0 _aCROPS AND SOILS
700 _aWild, Alan
995 _aBINDERY (DAMAGED)
_D0.00
_e727063
_FCBU-MAIN LIBRARY (Kitwe)
_H2
_I64.00
_jS 591 Rus
_M2
_UDAMAGED
_y018179
_ZMain Library Open Access Collection
995 _aBINDERY (DAMAGED)
_D0.00
_e727064
_FCBU-MAIN LIBRARY (Kitwe)
_H1
_I64.00
_jS 591 Rus
_M1
_UDAMAGED
_y018178
_ZMain Library Open Access Collection
999 _c80285
_d80285